Manual de diseño de un sistema de puesta a tierra para una planta industrial
Gardado en:
| Autor Principal: | |
|---|---|
| Formato: | Libro |
| Publicado: |
2006
[San José, Costa Rica]
|
| Materias: | |
| Etiquetas: |
Engadir etiqueta
Sen Etiquetas, Sexa o primeiro en etiquetar este rexistro!
|
MARC
| LEADER | 00000nam a2200000Ia 4500 | ||
|---|---|---|---|
| 003 | 009697 | ||
| 005 | 20221231144123.0 | ||
| 008 | 140114s2006 cr a m 000 ||s d | ||
| 040 | |c cru CEDI | ||
| 090 | |a TFG 5228 | ||
| 100 | |a Apú Apú, Alejandro |9 5650 | ||
| 245 | |a Manual de diseño de un sistema de puesta a tierra para una planta industrial | ||
| 260 | |c [San José, Costa Rica] |b 2006 | ||
| 300 | |a xiii,72 [169] hojas; ilustraciones algunas a color | ||
| 500 | |a Investigación dirigida (licenciatura en ingeniería eléctrica)--Universidad de Costa Rica. Facultad de Ingeniería. Escuela de Ingeniería Eléctrica | ||
| 650 | |x CONEXION A TIERRA (ELECTRICIDAD) |x CORRIENTES ELECTRICAS - MEDICIONES |x NSTALACIONES ELECTRICAS - MEDIDAS DE SEGURIDAD |9 5651 | ||
| 942 | |c TFG | ||
| 999 | |c 17196 |d 17196 | ||
